000 00483 a2200157 4500
001 63957
020 _a8585819030 (broch.)
040 _cAnchieta - Pituba
100 _aVasconcellos, Celso dos S.
240 1 0 _aDisciplina
_lpor
245 1 0 _aDisciplina
300 _a110p.
362 0 _a1998
650 4 _aDisciplinas escolares e atividades relacionadas : regulamentos / punições / suspensões / expulsões / delinqüência, vandalismo / violência / Monitores
942 _cBK
999 _c63957
_d63957